Comuni della Provincia di Trento (con mappa) - Statistics

Statistiche generali
  • Questo quiz è stato fatto 168 volte
  • Il punteggio medio è 68 su 166
Risposte nella Mappa
Le risposte nella mappa del quiz sottostante sono codificate secondo una scala di colori dal rosso al verde in base alla % di persone che hanno risposto correttamente.
 
Statistiche sulle risposte
Risposta % Corretto
Trento
87%
Riva del Garda
81%
Rovereto
81%
Cles
78%
Arco
76%
Lavis
74%
Ala
72%
Borgo Valsugana
70%
Moena
70%
Avio
69%
Canazei
69%
Mezzolombardo
69%
Pergine Valsugana
69%
Predazzo
67%
Levico Terme
65%
Mezzocorona
65%
Nago-Torbole
65%
Caldonazzo
63%
Cavalese
63%
Ledro
63%
Andalo
61%
Baselga di Piné
61%
Malé
61%
Molveno
61%
Pinzolo
61%
Dro
59%
Folgaria
59%
San Michele all'Adige
59%
Mori
57%
Aldeno
56%
Peio
56%
Tione di Trento
52%
Storo
50%
Tesero
50%
Vermiglio
50%
Bondone
48%
Brentonico
48%
Fai della Paganella
48%
Tenno
48%
Besenello
46%
Borgo d'Anaunia
46%
Campitello di Fassa
46%
Civezzano
46%
Ossana
46%
Roveré della Luna
46%
Ton
46%
Vallelaghi
46%
Ville d'Anaunia
46%
Ziano di Fiemme
46%
Calliano
44%
Cavedine
44%
Comano Terme
44%
Primiero San Martino di Castrozza
44%
Rabbi
44%
San Giovanni di Fassa
44%
Castello-Molina di Fiemme
43%
Cavedago
43%
Dimaro Folgarida
43%
Mazzin
43%
Mezzana
43%
Romeno
43%
Borgo Chiese
41%
Madruzzo
41%
Predaia
41%
Sfruz
41%
Spormaggiore
41%
Tre Ville
41%
Altopiano della Vigolana
39%
Cis
39%
Drena
39%
Lavarone
39%
Luserna
39%
Pellizzano
39%
Rumo
39%
Sporminore
39%
Carisolo
37%
Fiavé
37%
Grigno
37%
Pieve Tesino
37%
Porte di Rendena
37%
Ronzo-Chienis
37%
Sanzeno
37%
Sarnonico
37%
Valdaone
37%
Vallarsa
37%
Albiano
35%
Bedollo
35%
Bleggio Superiore
35%
Campodenno
35%
Castello Tesino
35%
Giovo
35%
Isera
35%
Nogaredo
35%
Nomi
35%
Palù del Fersina
35%
San Lorenzo Dorsino
35%
Spiazzo
35%
Villa Lagarina
35%
Amblar-Don
33%
Bresimo
33%
Caderzone Terme
33%
Castel Condino
33%
Cavareno
33%
Cimone
33%
Mezzano
33%
Novella
33%
Roncegno Terme
33%
Ruffré-Mendola
33%
Sella Giudicarie
33%
Soraga di Fassa
33%
Strembo
33%
Telve
33%
Ville di Fiemme
33%
Volano
33%
Caldes
31%
Capriana
31%
Castel Ivano
31%
Cavizzana
31%
Cembra Lisignago
31%
Contà
31%
Denno
31%
Garniga Terme
31%
Livo
31%
Panchià
31%
Pomarolo
31%
Segonzano
31%
Tenna
31%
Torcegno
31%
Calceranica al Lago
30%
Commezzadura
30%
Giustino
30%
Sagron Mis
30%
Samone
30%
Stenico
30%
Terragnolo
30%
Terre d'Adige
30%
Terzolas
30%
Trambileno
30%
Valfloriana
30%
Altavalle
28%
Bieno
28%
Bocenago
28%
Canal San Bovo
28%
Castelnuovo
28%
Cinte Tesino
28%
Croviana
28%
Dambel
28%
Massimeno
28%
Ospedaletto
28%
Pieve di Bono-Prezzo
28%
Scurelle
28%
Telve di Sopra
28%
Borgo Lares
26%
Imer
26%
Lona-Lases
26%
Ronzone
26%
Sant'Orsola Terme
26%
Sover
26%
Carzano
24%
Fornace
24%
Frassilongo
24%
Novaledo
24%
Pelugo
24%
Ronchi Valsugana
24%
Vignola-Falesina
24%
Fierozzo
22%
Nessun quiz corrispondente trovato
Distribuzione punteggi
Percentuale di utenti per punteggio
Percentile per numero di risposta
I tuoi punteggi nel tempo
Non hai fatto questo quiz